Development economics (Record no. 380350)

000 -LEADER
fixed length control field 00428cam a22001457a 4500
008 - FIXED-LENGTH DATA ELEMENTS--GENERAL INFORMATION
fixed length control field 180718b1996 xxu||||| |||| 00| 0 eng d
082 ## - DEWEY DECIMAL CLASSIFICATION NUMBER
Classification number T19 G752
100 ## - MAIN ENTRY--PERSONAL NAME
Personal name Grabowski, Richard
245 ## - TITLE STATEMENT
Title Development economics
Statement of responsibility, etc. by Richard Grabowski and Michael P. Shields
260 ## - PUBLICATION, DISTRIBUTION, ETC.
Place of publication, distribution, etc. Cambridge
Name of publisher, distributor, etc. Blackwell
Date of publication, distribution, etc. 1996
300 ## - PHYSICAL DESCRIPTION
Extent 299p.
650 ## - SUBJECT ADDED ENTRY--TOPICAL TERM
Topical term or geographic name entry element Development economics
650 ## - SUBJECT ADDED ENTRY--TOPICAL TERM
Topical term or geographic name entry element Economic development
700 ## - ADDED ENTRY--PERSONAL NAME
Personal name Shields, Michael P.
Holdings
Withdrawn status Lost status Damaged status Not for loan Permanent Location Current Location Date acquired Full call number Barcode Date last seen Price effective from Koha item type
        Indian Institute of Public Administration Indian Institute of Public Administration 1996-10-07 T19 G752 71362 2018-07-21 2018-07-21 Book

Powered by Koha